Návrh trasy cesty v extraviláne

Guardado en:
Detalles Bibliográficos
Autor principal: Kavoň, Juraj (Autor)
Otros Autores: Bálint, Gabriel (Orientador)
Formato: Manuscrito Libro
Lenguaje:eslovaco
Publicado: 2025
Materias:
Acceso en línea:http://is.stuba.sk/zp/portal_zp.pl?podrobnosti=174690
CRZP
Etiquetas: Agregar Etiqueta
Sin Etiquetas, Sea el primero en etiquetar este registro!

MARC

LEADER 00000ntm a22000003a 4500
001 stuzp104602
003 SK-STU
005 20250725110515.2
007 ta
008 150427s2015----xo-----f-mn---000-0-slo-d
040 |a STU  |b slo 
041 0 |a slo 
100 1 |a Kavoň, Juraj  |u 010120  |4 aut  |U SvF Stavebná fakulta  |T SvF Katedra dopravných stavieb  |X 120223  |U V120  |Y 12  |7 120223 
242 0 1 |a Route Design of the Road in the Extravilan  |y eng 
245 1 0 |a Návrh trasy cesty v extraviláne 
260 |c 2025 
650 4 |a Stupava  |2 slo 
650 4 |a cestná komunikácia  |2 slo 
650 4 |a obchvat  |2 slo 
650 4 |a bypass  |2 eng 
650 4 |a Stupava  |2 eng 
650 4 |a road  |2 eng 
700 1 |a Bálint, Gabriel  |u 010120  |k Z1  |4 ths  |U SvF Stavebná fakulta  |T SvF Katedra dopravných stavieb  |X 60478  |U V120  |Y 12  |7 A000060478 
856 4 |u http://is.stuba.sk/zp/portal_zp.pl?podrobnosti=174690 
856 4 |u https://opac.crzp.sk/?fn=detailBiblioForm&sid=C9A1C75A261DD259FA86421E26A3  |z CRZP